Oil spill response: Russian experience; Творчество юных - шаг в успешное будущее

Bibliografiske detaljer
Parent link:Творчество юных - шаг в успешное будущее.— 2015.— [С. 573-574]
Hovedforfatter: Prismotrov K. V.
Institution som forfatter: Национальный исследовательский Томский политехнический университет (ТПУ) Институт природных ресурсов (ИПР) Кафедра иностранных языков (ИЯПР)
Andre forfattere: Strelnikova A. B. Anna Borisovna (научный руководитель)
Summary:Заглавие с титульного экрана
Sprog:engelsk
Udgivet: 2015
Serier:Environmental issues and sustainable development
Fag:
Online adgang:http://earchive.tpu.ru/handle/11683/15706
Format: Electronisk Book Chapter
KOHA link:https://koha.lib.tpu.ru/cgi-bin/koha/opac-detail.pl?biblionumber=617446

MARC

LEADER 00000naa2a2200000 4500
001 617446
005 20231101132947.0
035 |a (RuTPU)RU\TPU\conf\15759 
035 |a RU\TPU\conf\15758 
090 |a 617446 
100 |a 20160305d2015 k y0rusy50 ba 
101 0 |a eng 
102 |a RU 
105 |a y z 101zy 
135 |a drcn ---uucaa 
181 0 |a i  
182 0 |a b 
200 1 |a Oil spill response: Russian experience  |f K. V. Prismotrov  |g sci. adv. A. B. Strelnikova 
203 |a Текст  |c электронный 
225 1 |a Environmental issues and sustainable development 
230 |a 1 компьютерный файл (pdf; 226 Кб) 
300 |a Заглавие с титульного экрана 
320 |a [Библиогр.: с. 574 (8 назв.)] 
463 0 |0 (RuTPU)RU\TPU\conf\15338  |t Творчество юных - шаг в успешное будущее  |o материалы VIII Всероссийской научной студенческой конференции с элементами научной школы имени профессора М. К. Коровина, г. Томск, 23-27 ноября 2015 г.  |f Национальный исследовательский Томский политехнический университет (ТПУ) ; под ред. А. Ю. Дмитриева  |v [С. 573-574]  |d 2015 
610 1 |a труды учёных ТПУ 
610 1 |a электронный ресурс 
610 1 |a разливы нефти 
610 1 |a ликвидация 
610 1 |a российский опыт 
700 1 |a Prismotrov  |b K. V. 
702 1 |a Strelnikova  |b A. B.  |c linguist  |c Associate Professor of Tomsk Polytechnic University, Candidate of philological sciences  |f 1981-  |g Anna Borisovna  |2 stltpush  |4 727 
712 0 2 |a Национальный исследовательский Томский политехнический университет (ТПУ)  |b Институт природных ресурсов (ИПР)  |b Кафедра иностранных языков (ИЯПР)  |h 6735  |2 stltpush  |3 (RuTPU)RU\TPU\col\18662 
801 2 |a RU  |b 63413507  |c 20180216  |g RCR 
856 4 |u http://earchive.tpu.ru/handle/11683/15706 
942 |c BK